01756cam a22003614a 450000100090000000300040000900500170001300800410003001000170007101600180008802000430010603500240014904000610017304200080023404300120024205000220025408200220027610000360029824501320033426000430046630000290050949000380053850400510057650503430062765000460097065000480101670000340106483000390109890600450113794200500118295201450123299900170137716901921OSt20231205154508.0110803s2012 maua b 001 0 eng  a 20110330107 a0159909262Uk a9780262017213 (hardcover : alk. paper) a(OCoLC)ocn745766075 aDLCbengcDLCdYDXdBTCTAdUKMGBdBDXdYDXCPdERASAdDLC apcc an-us---00aHT123b.W228 201200a307.760973bWAR/A1 aWarner, Sam Bass,d1928-91005010aAmerican urban form :ba representative history /cSam Bass Warner and Andrew H. Whittemore ; drawings by Andrew H. Whittemore. aCambridge, Mass. :bMIT Press,cc2012. a183 p. :bill. ;c27 cm.1 aUrban and industrial environments aIncludes bibliographical references and index.0 aIntroduction -- The city's seventeenth century beginnings -- The city in the mid-eighteenth century -- The merchant republic, 1820 -- The city overwhelmed, 1860 -- The city restructured, 1895 -- Toward a new economy and a novel urban form, 1925 -- The federally supported city, 1950 -- The polycentric city, 1975 -- The global city, 2000. 0aCities and townszUnited StatesxHistory. 0aCity and town lifezUnited StatesxHistory.1 aWhittemore, Andrew H.,d1980- 0aUrban and industrial environments. a7bcbccorignewd1eecipf20gy-gencatlg 2ddccBKh307.760973iWAR/Ak307.760973mWAR/A 00102ddc40708SOCIAL SCIENCEaMESbMEScHISd2023-12-05l0o307.760973 WAR/Ap43972r2023-12-05 15:45:41v2152.50w2023-12-05yBKzGL42R1 c43791d43791